Vista normal Vista MARC

Entrada Topical Term

Número de registros utilizados en: 1

001 - CONTROL NUMBER

  • control field: 13408

003 - CONTROL NUMBER IDENTIFIER

  • control field: OSt

005 - DATE AND TIME OF LATEST TRANSACTION

  • control field: 20210212153513.0

008 - FIXED-LENGTH DATA ELEMENTS

  • fixed length control field: 210212|| aca||aabn | a|a d

040 ## - CATALOGING SOURCE

  • Original cataloging agency: OSt
  • Transcribing agency: OSt

150 ## - HEADING--TOPICAL TERM

  • Topical term or geographic name entry element: Arquitectura colombiana
  • Form subdivision: historia
  • General subdivision: fotografías
  • Chronological subdivision: Siglo XX

670 ## - SOURCE DATA FOUND

  • Source citation: Work cat.: (OSt)4607: Téllez Castañeda, Germán, autor 13400, Camacho y Guerrero Arquitectos : , 2018